Casi todos los ángeles tienen alas y otras raras historias / (Record no. 177643)

MARC details
000 -LEADER
campo de control de longitud fija 00826nam a22002295i 4500
001 - NÚMERO DE CONTROL
campo de control 177643
003 - IDENTIFICADOR DE NÚMERO DE CONTROL
campo de control ES-MaACL
005 - FECHA Y HORA DE LA ÚLTIMA TRANSACCIÓN
campo de control 20240120062956.0
008 - DATOS DE LONGITUD FIJA--INFORMACIÓN GENERAL
campo de control de longitud fija 110408s2007 es a |||| | spa d
020 ## - NÚMERO INTERNACIONAL ESTÁNDAR DEL LIBRO
Número Internacional Estándar del Libro 978-999-238-6
080 ## - NÚMERO DE LA CLASIFICACIÓN DECIMAL UNIVERSAL
Número de la Clasificación Decimal Universal 821.134.2(728.4)-32"19"
100 1# - ENTRADA PRINCIPAL--NOMBRE DE PERSONA
Nombre de persona Ruiz de Torres, Juan,
Fechas asociadas al nombre 1931-2014
9 (RLIN) 155342
245 10 - MENCIÓN DEL TÍTULO
Título Casi todos los ángeles tienen alas y otras raras historias /
Mención de responsabilidad, etc. Juan Ruiz de Torres, David Escobar Galindo, Alejandro Moreno Romero.
260 ## - PUBLICACIÓN, DISTRIBUCIÓN, ETC.
Lugar de publicación, distribución, etc. La Libertad (El Salvador) :
Nombre del editor, distribuidor, etc. Delgado,
Fecha de publicación, distribución, etc. imp. 2007.
300 ## - DESCRIPCIÓN FÍSICA
Extensión 207 p. :
Otras características físicas il. col. ;
Dimensiones 22 cm.
490 1# - MENCIÓN DE SERIE
Mención de serie Las dos orillas ;
Designación de volumen o secuencia 4
700 0# - ENTRADA AGREGADA--NOMBRE PERSONAL
Nombre de persona Escobar Galindo, David.
9 (RLIN) 47565
700 1# - ENTRADA AGREGADA--NOMBRE PERSONAL
Nombre de persona Moreno Romero, Alejandro.
9 (RLIN) 146073
830 0# - PUNTO DE ACCESO ADICIONAL DE SERIE-TÍTULO UNIFORME
Título uniforme Las dos orillas ;
Designación de volumen o secuencia 4
9 (RLIN) 190533
852 ## - LOCALIZACIÓN
Ubicación ES-MaACL
Número de control de estantería E-14844
Holdings
Estatus retirado Estado de pérdida Estado de daño No para préstamo Biblioteca de origen Biblioteca actual Ubicación en estantería Fecha de adquisición Fuente de adquisición Total de préstamos Signatura topográfica completa Código de barras Visto por última vez Precio de reemplazo Tipo de ítem Koha
        Biblioteca del Ateneo de Madrid Biblioteca del Ateneo de Madrid Depósito 2 08/04/2011     E-14844 1186593 23/02/2023 23/02/2023 Libro impreso